Violencia y ficción televisiva (Registro nro. 17723)

Detalles MARC
000 -LDR (LÍDER)
Campo de control de longitud fija 02509nam a2200361 a 4500
003 - IDENTIFICADOR DEL NÚMERO DE CONTROL
Campo de control CO-PeBPR
005 - FECHA Y HORA DE LA ÚLTIMA TRANSACCIÓN
Campo de control 20260417144311.0
008 - ELEMENTOS DE DATOS DE LONGITUD FIJA--INFORMACIÓN GENERAL
Campo de control de longitud fija 260415e2018 ck a|||| n||| 00| 0 spa c
020 ## - Código Internacional normalizado para libros
Código Internacional normalizado para libros 9789587836356
040 0# - FUENTE DE CATALOGACIÓN
Agencia catalogadora original CO-PeBPR
Idioma de la agencia catalogadora spa
Agencia que transcribe CO-PeBPR
Norma para la descripción rda
041 0# - Código del Idioma
Código idioma del recurso original spa
082 04 - NÚMERO DE CLASIFICACIÓN DECIMAL DEWEY
Número de clasificación 791.4 Q7v
100 1# - ASIENTO PRINCIPAL--NOMBRE PERSONAL
Nombre personal Quiñones Cely, Beatriz
Términos de relación autora
245 10 - MENCIÓN DE TÍTULO
Título propiamente dicho Violencia y ficción televisiva
Subtítulo o título paralelo : El acontecimiento de los noventa: imaginarios de la representación mediática de la violencia colombiana: series de ficción televisiva (1989-1999)
Mención de responsabilidad / Beatriz Quiñones Cely... [y otros tres]
250 ## - MENCIÓN DE EDICIÓN
Mención de edición Segunda edición actualizada
264 #1 - Área de la Producción Publicación, Distribución, Manufactura, etc.
Lugar de publicación, distribución, etc. Bogotá, Colombia
Nombre de la editorial, distribuidor, etc. : Universidad Nacional de Colombia
Fecha de publicación, distribución, etc. , 2018
300 ## - DESCRIPCIÓN FÍSICA
Extensión 346 páginas
Otros detalles físicos : ilustraciones (algunas a color), diagramas, fotografías
Dimensiones 24 centímetros
336 ## - Tipo de Contenido
Tipo de contenido texto
Código de tipo de contenido txt
Fuente rdacontenido
337 ## - Tipo de Medio
Tipo de Medio sin mediación
Código de tipo de medio n
Fuente rdamedio
338 ## - Tipo de Soporte
Tipo de soporte volumen
Código de tipo de soporte nc
Fuente rdasoporte
490 ## - MENCIÓN DE SERIE
Título de la serie Colección Nación
500 ## - NOTA GENERAL
Nota general Incluye índice.
504 ## - NOTA DE BIBLIOGRAFIA, ETC.
Nota de bibliografía Incluye bibliografía.
520 ## - NOTA DE RESUMEN, ETC.
Nota de sumario Esta investigación propone –mediante la crítica de las evidencias que ubican en el centro del proceso de mediatización de la violencia al conflicto armado colombiano– distanciarse de los enfoques que privilegian la dimensión política del fenómeno y revisar el acontecimiento violento desde el croquis de su percepción imaginaria, es decir, desde tres dimensiones reconocibles, cercanas a la violencia violencia oscura, violencia degradada y violencia muda. Adicionalmente, aborda la violencia colombiana desde la observación intensiva de un material productivo por su naturaleza y por su forma particular de expresar el fenómeno desde un género especifico: la ficción televisiva, y en una época la década de los noventa. Esta segunda edición incluye el capítulo “Narcomundo y Pablo los relatos de la violencia y la ficción televisiva en las dos primeras décadas del siglo XXI”, una reflexión que actualiza el texto a los años 2000 y abre el camino hacia nuevas investigaciones.
650 14 - ASIENTO SECUNDARIO DE MATERIA - TÉRMINO TEMÁTICO
Fuente del encabezado o término LEMB
Encabezamiento temático Programas de televisión
Subdivisión general Aspectos sociales
Subdivisión geográfica Colombia
650 14 - ASIENTO SECUNDARIO DE MATERIA - TÉRMINO TEMÁTICO
Fuente del encabezado o término LEMB
Encabezamiento temático Violencia en los medios de comunicación de masas
Subdivisión geográfica Colombia
650 14 - ASIENTO SECUNDARIO DE MATERIA - TÉRMINO TEMÁTICO
Fuente del encabezado o término LEMB
Encabezamiento temático Violencia en televisión
Subdivisión general Investigaciones
Subdivisión geográfica Colombia
650 14 - ASIENTO SECUNDARIO DE MATERIA - TÉRMINO TEMÁTICO
Fuente del encabezado o término LEMB
Encabezamiento temático Conflicto armado
Subdivisión geográfica Colombia
700 1# - ASIENTO SECUNDARIO - NOMBRE PERSONAL
Nombre personal Peña Tijo, Eduardo Alfredo
Término de relación, rol en la obra autor
700 1# - ASIENTO SECUNDARIO - NOMBRE PERSONAL
Nombre personal Wilches Tinjacá, Jaime Andrés
Término de relación, rol en la obra autor
700 1# - ASIENTO SECUNDARIO - NOMBRE PERSONAL
Nombre personal Sotomayor Torres, Doly
Término de relación, rol en la obra autora
942 ## - ENTRADA DE ELEMENTOS AGREGADOS (KOHA
Fuente de clasificación o esquema de estantería. Dewey Decimal Classification
Tipo de ítem Libro
Existencias
Estado de pérdida Fuente del sistema de clasificación o colocación Estado de daño No disponible para préstamo Colección Biblioteca de origen Biblioteca actual Ubicación en estantería Signatura topográfica completa Ejemplar Código de barras Tipo de ítem Fecha de adquisición Fuente de adquisición Total de pagos Fecha de la última vez visto
  Dewey Decimal Classification     General Biblioteca Pública Departamental Comfamiliar Risaralda Biblioteca Pública Departamental Comfamiliar Risaralda Área General 791.4 Q7v Ej.1 RIBPD14897 Libro 17/04/2026 Dotación MinCultura y BNC   17/04/2026